Die Amerikanische aussenpolitik : (Record no. 42196)
[ view plain ]
| 000 -LEADER | |
|---|---|
| fixed length control field | 00891nam a2200277 a 4500 |
| 001 - CONTROL NUMBER | |
| control field | 42196 |
| 003 - CONTROL NUMBER IDENTIFIER | |
| rucl marc code | (BD-RJUL) |
| 005 - DATE AND TIME OF LATEST TRANSACTION | |
| control field | 20211209053515.0 |
| 008 - FIXED-LENGTH DATA ELEMENTS--GENERAL INFORMATION | |
| fixed length control field | 160611s1954 gw b 001 0 ger d |
| 035 ## - SYSTEM CONTROL NUMBER | |
| System control number | OCLC ocm10010939 from D960801M |
| -- | (BD-RJUL) 42314 |
| 040 ## - CATALOGING SOURCE | |
| Original cataloging agency | DLC |
| Transcribing agency | DLC |
| Modifying agency | EQO |
| -- | (BD-RJUL) |
| Language of cataloging | eng |
| 041 ## - LANGUAGE CODE | |
| Language code of text/sound track or separate title | eng |
| 082 ## - DEWEY DECIMAL CLASSIFICATION NUMBER | |
| Classification number | 347.30285 |
| Edition number | 19 |
| Author mark and year | PED 1954 |
| 100 1# - MAIN ENTRY--PERSONAL NAME | |
| Personal name | Perkins, Dexter |
| 9 (RLIN) | 129767 |
| 245 14 - TITLE STATEMENT | |
| Title | Die Amerikanische aussenpolitik : |
| Remainder of title | Eine provokative Analyse / |
| Statement of responsibility, etc. | Dexter Perkins |
| 260 ## - PUBLICATION, DISTRIBUTION, ETC. (IMPRINT) | |
| Place of publication, distribution, etc. | München : |
| Name of publisher, distributor, etc. | Oldenbourg, |
| Date of publication, distribution, etc. | 1954 |
| 300 ## - PHYSICAL DESCRIPTION | |
| Pagination | 268 p. ; |
| Size | 19 cm. |
| 490 1# - SERIES STATEMENT | |
| Volume/sequential designation | Bd. 48 |
| 500 ## - GENERAL NOTE | |
| General note | Includes index |
| 504 ## - BIBLIOGRAPHY, ETC. NOTE | |
| Bibliography, etc | Bibliography: p. [373]-397 |
| 650 #0 - SUBJECT ADDED ENTRY--TOPICAL TERM | |
| Topical term or geographic name as entry element | Civil rights |
| Geographic subdivision | United States |
| 9 (RLIN) | 129768 |
| 651 #0 - SUBJECT ADDED ENTRY--GEOGRAPHIC NAME | |
| Geographic name | United States |
| General subdivision | Foreign relations |
| Chronological subdivision | 1945-1989 |
| 9 (RLIN) | 129769 |
| 942 ## - ADDED ENTRY ELEMENTS (KOHA) | |
| Source of classification or shelving scheme | Dewey Decimal Classification |
| Koha item type | Books |
| Lost status | Source of classification or shelving scheme | Damaged status | Not for loan | Collection code | Permanent Location | Current Location | Shelving location | Date acquired | Source of acquisition | Total Checkouts | Full call number | Date last seen | Copy number | Koha item type |
|---|---|---|---|---|---|---|---|---|---|---|---|---|---|---|
| Dewey Decimal Classification | Non-fiction | Central Library, University of Rajshahi | Central Library, University of Rajshahi | 10/02/1958 | U.S.I.S Dacca | 342.73085 PED 1954 | 11/06/2016 | C-2 | Books |